baby names: nicknames - Statistics

General Stats
  • This quiz has been taken 59 times
  • The average score is 9 of 38
Answer Stats
Name % Correct
Alex
56%
Charlee
54%
Charli
54%
Charlie
54%
Eli
51%
Bella
46%
Ellie
44%
Andy
38%
Evie
36%
Leo
36%
Maggie
36%
Finn
33%
Kate
33%
Max
31%
Josie
28%
Frank
26%
Jake
26%
Lucy
23%
Rosie
21%
Theo
21%
Ari
18%
Gracie
18%
Hank
15%
Jay
15%
Mark
15%
Gia
10%
Hallie
8%
Jax
8%
Rory
8%
Stevie
8%
Cali
5%
Hattie
5%
Jace
5%
Jayce
5%
Nico
5%
Niko
5%
Thea
0%
Tripp
0%
No matching quizzes found
Score Distribution
Percent of People with Each Score
Percentile by Number Answered
Your Score History
You have not taken this quiz